Contemporary Indian politics : (Record no. 102247)
[ view plain ]
| 000 -LEADER | |
|---|---|
| fixed length control field | 01138nam a22002537a 4500 |
| 005 - DATE AND TIME OF LATEST TRANSACTION | |
| control field | 20170428095615.0 |
| 010 ## - LCCN (DPL NO) | |
| LC control number | 1617EN ENG-116887 |
| 020 ## - INTERNATIONAL STANDARD BOOK NUMBER | |
| International Standard Book Number | 9789383848232 |
| Terms of availability | 795.00 |
| 035 ## - SYSTEM CONTROL NUMBER | |
| System control number | B-653305-311 |
| 035 ## - SYSTEM CONTROL NUMBER | |
| System control number | B-669742 |
| 035 ## - SYSTEM CONTROL NUMBER | |
| System control number | EN-100419 |
| 037 ## - SOURCE OF ACQUISITION | |
| Source of stock number/acquisition | ABC |
| Stock number | dpl |
| 082 ## - DEWEY DECIMAL CLASSIFICATION NUMBER | |
| Classification number | 320.954 |
| 245 ## - TITLE STATEMENT | |
| Title | Contemporary Indian politics : |
| Statement of responsibility, etc | edited by Sanjeev Kumar H.M., Prakash S. Desai [and] Subhash Patil |
| Remainder of title | Internal dynamics and external compulsions : essays in Honour of S.S. Patagundi / |
| 260 ## - PUBLICATION, DISTRIBUTION, ETC. (IMPRINT) | |
| Place of publication, distribution, etc | New Delhi |
| Name of publisher, distributor, etc | Pinnacle Learning |
| Date of publication, distribution, etc | 2016 |
| 270 ## - ADDRESS | |
| Address | 24, DDA Shopping Complex Ber Sarai, |
| City | New Delhi |
| Postal code | 110016 |
| 300 ## - PHYSICAL DESCRIPTION | |
| Extent | 308p. |
| Dimensions | 23cm(pbk) |
| 700 ## - ADDED ENTRY--PERSONAL NAME | |
| Personal name | Sanjeev Kumar |
| 700 ## - ADDED ENTRY--PERSONAL NAME | |
| Personal name | Desai, Prakash S. |
| 700 ## - ADDED ENTRY--PERSONAL NAME | |
| Personal name | Patil, Subhash |
| 942 ## - ADDED ENTRY ELEMENTS (KOHA) | |
| Source of classification or shelving scheme | Dewey Decimal Classification |
| Item type | English Books |
| Call number suffix | CON |
| Classification part | 320.954 |
| Withdrawn status | Lost status | Not for loan | Collection code | Home library | Current library | Date acquired | Source of acquisition | Cost, normal purchase price | Full call number | Barcode | Copy number | Cost, replacement price | Koha item type |
|---|---|---|---|---|---|---|---|---|---|---|---|---|---|
| Non-fiction | Ashok Vihar | Ashok Vihar | 28/04/2017 | BPPD/EN/2016-17/AV/16-17/452/15.2.2017/5068/7.3.2017/ 24.3.2017 | 795.00 | 320.954 CON | B-669742 | 1 | 795.00 | English Books | |||
| Non-fiction | Central Library | Central Library | 16/02/2017 | BPPD/EN/2016-17/286/24.11.2016/4983/28.11.2016/4.1.2017 | 795.00 | 320.954 CON | B-653305 | 1 | 795.00 | English Books | |||
| Non-fiction | Janak Puri | Janak Puri | 16/02/2017 | BPPD/EN/2016-17/286/24.11.2016/4983/28.11.2016/4.1.2017 | 795.00 | 320.954 CON | B-653308 | 1 | 795.00 | English Books | |||
| Non-fiction | New Police Line | New Police Line | 16/02/2017 | BPPD/EN/2016-17/286/24.11.2016/4983/28.11.2016/4.1.2017 | 795.00 | 320.954 CON | B-653306 | 1 | 795.00 | English Books | |||
| Non-fiction | Patel Nagar | Patel Nagar | 21/12/2016 | DBAD/PUB | 795.00 | 320.954 CON | EN-100419 | 1 | 795.00 | English Books | |||
| Non-fiction | Patel Nagar | Patel Nagar | 16/02/2017 | BPPD/EN/2016-17/286/24.11.2016/4983/28.11.2016/4.1.2017 | 795.00 | 320.954 CON | B-653307 | 1 | 795.00 | English Books | |||
| Non-fiction | Sarojini Nagar | Sarojini Nagar | 16/02/2017 | BPPD/EN/2016-17/286/24.11.2016/4983/28.11.2016/4.1.2017 | 795.00 | 320.954 CON | B-653309 | 1 | 795.00 | English Books | |||
| Non-fiction | Shahdara Branch | Shahdara Branch | 16/02/2017 | BPPD/EN/2016-17/286/24.11.2016/4983/28.11.2016/4.1.2017 | 795.00 | 320.954 CON | B-653310 | 1 | 795.00 | English Books | |||
| Non-fiction | Yojana Vihar | Yojana Vihar | 16/02/2017 | BPPD/EN/2016-17/286/24.11.2016/4983/28.11.2016/4.1.2017 | 795.00 | 320.954 CON | B-653311 | 1 | 795.00 | English Books |
